STN EN ISO 9908/A1: 2011 (11 3015) Technické požiadavky na odstredivé čerpadlá. Trieda III (ISO 9908: 1993)
Táto zmena A1 STN EN ISO 9908: 2000 je slovenskou verziou európskej normy EN ISO 9908: 1997/A1: 2011. Preklad zabezpečil Slovenský ústav technickej normalizácie. Má rovnaké postavenie ako majú oficiálne verzie
| Corporate Author: | |
|---|---|
| Other Authors: | |
| Format: | Book |
| Language: | Slovak English |
| PhysicalDescription: | 8 s. 30 cm |
| Published: |
Bratislava
Slovenský ústav technickej normalizácie
2011
|
| Subjects: |
MARC
| LEADER | 00000nam a2200000 a 4500 | ||
|---|---|---|---|
| 001 | vtls010291481 | ||
| 003 | SK-MaSNL | ||
| 005 | 20260301031906.0 | ||
| 008 | 160628s2011 xo f u 000 0 slo | ||
| 015 | |a SNBN2013 | ||
| 020 | |c (cen. skup. 09) | ||
| 040 | |a SNK |b slo |c SNK |e AACR2 | ||
| 041 | 1 | |a slo |h eng | |
| 044 | |a xo |c SK | ||
| 046 | |a s |m 201107 (účin.) | ||
| 072 | 7 | |a 621 |x Strojárstvo |2 konspekt | |
| 080 | |a 621.65 |2 2001 | ||
| 080 | |a 006.7/.8 |2 2001 | ||
| 080 | |a (437.6) |2 2001 | ||
| 080 | |a (4) |2 2001 | ||
| 084 | |a 23.080 |2 ICS | ||
| 130 | 0 | |a STN 11 3015 (STN EN ISO 9908/A1) |9 328180 | |
| 245 | 1 | 0 | |a STN EN ISO 9908/A1: 2011 (11 3015) Technické požiadavky na odstredivé čerpadlá. Trieda III (ISO 9908: 1993) |
| 246 | 1 | 0 | |a Technické požiadavky na odstredivé čerpadlá. Trieda III (ISO 9908: 1993) |
| 246 | 3 | 0 | |a EN ISO 9908: 1997/A1: 2011 E |
| 246 | 3 | 0 | |a ISO 9908: 1993/Amd 1: 2011 |
| 260 | |a Bratislava |b Slovenský ústav technickej normalizácie |c 2011 | ||
| 300 | |a 8 s. |c 30 cm | ||
| 500 | |a Súbežný názov v angličtine, francúzštine, nemčine | ||
| 500 | |a Spracovateľ PRONORM Piešťany, Rudolf Chnapko | ||
| 504 | |a Citované normy, súvisiace právne predpisy s. 2 | ||
| 520 | 8 | |a Táto zmena A1 STN EN ISO 9908: 2000 je slovenskou verziou európskej normy EN ISO 9908: 1997/A1: 2011. Preklad zabezpečil Slovenský ústav technickej normalizácie. Má rovnaké postavenie ako majú oficiálne verzie | |
| 540 | |a STN vydané na akomkoľvek nosiči sa môžu rozmnožovať a rozširovať iba so súhlasom určenej právnickej osoby |b SÚTN Bratislava |c zákon 264/1999 Z.z. | ||
| 650 | 0 | 7 | |a čerpadlá |2 SVKBBPH |9 21104 |
| 650 | 0 | 7 | |a technické normy a štandardy |z Slovensko |2 SVKBBPH |9 79594 |
| 650 | 0 | 7 | |a technické normy a štandardy |z krajiny Európskej únie |2 SVKBBPH |9 289341 |
| 655 | 7 | |a normy |2 SVKBBPH |9 70643 | |
| 700 | 1 | |a Chnapko, Rudolf |4 trl |9 314690 | |
| 710 | 2 | |a PRONORM (Piešťany Slovensko) |4 aut |9 328181 | |
| 710 | 2 | |a Slovenský ústav technickej normalizácie (Bratislava, Slovensko). |b Technická komisia: TK 57 Čerpadlá |4 stn |9 328179 | |
| 852 | |a Štátna vedecká knižnica v Banskej Bystrici | ||
| 958 | |a UP | ||
| 958 | |a NB | ||
| 999 | |c 577490 |d 579420 | ||
| 952 | |a SNK |b SNK |y PREZ |7 0 |p 17A0710253 |o snkSTN EN ISO 9908/A1 |i snk2011/16067 |8 0 |0 0 |1 0 |4 0 |d 2011-07-25 |l 0 |r 2026-02-23 14:38:24 |w 2026-02-23 | ||
| 952 | |a SNK |b SNK |y PREZ |7 0 |p 17A0710254 |o snkSTN EN ISO 9908/A1 D1 |i snk2011/16068 |8 0 |0 0 |1 0 |4 0 |d 2011-07-25 |l 0 |r 2026-02-23 14:38:24 |w 2026-02-23 | ||


